000 00851cab a2200265 4500
001 ABS48682
008 090401t1993 xxu||||| |||| 00| 0 eng d
035 _a(Sirsi) u68032
041 _aeng
100 _aInns-Wyatt, R.
245 _aValuation: looking beneath the surface
260 _c1993
350 _a0
490 _aValuer (ISVA)
_v62(4) May 1993, 23(1)
520 _aLooks at the valuation of mineral bearing land, emphasising the need for sound knowledge of the industry and the problems encountered in extraction and processing of the mineral and its marketing.
650 _aMINERAL EXTRACTION
650 _aMINERAL VALUATION
650 _aROYALTY VALUE
650 _aValuation
_96273
650 _aWASTING ASSETS
690 _aMINING AND MINERALS
690 _aRATING AND VALUATION
942 _n0
948 _c04/03/1997
999 _c42646
_d42646